Byť lídrom, nie šéfom Baťove zásady nie sú prežitkom
Tomáš Baťa ako úspečný podnikateľ. 10 hlavných Baťových zásad, ktorými inšpiruje biznismenov aj dnes.
Guardado en:
| Formato: | Capítulo de libro |
|---|---|
| Lenguaje: | eslovaco |
| Materias: | |
| Etiquetas: |
Sin Etiquetas, Sea el primero en etiquetar este registro!
|
MARC
| LEADER | 00000naa a2200000 4500 | ||
|---|---|---|---|
| 001 | 0247632 | ||
| 005 | 20180912122843.9 | ||
| 041 | 0 | |a slo | |
| 044 | |a SK | ||
| 245 | 1 | 0 | |a Byť lídrom, nie šéfom |b Baťove zásady nie sú prežitkom |
| 520 | |a Tomáš Baťa ako úspečný podnikateľ. 10 hlavných Baťových zásad, ktorými inšpiruje biznismenov aj dnes. | ||
| 610 | 2 | 0 | |a batizmus |
| 610 | 2 | 0 | |a riadenie podnikové |
| 610 | 2 | 0 | |a lídri |
| 610 | 2 | 0 | |a systémy riadenia |
| 610 | 2 | 0 | |a politika sociálna podniková |